| 000 | 00897nam0a22002411 4500 | ||
|---|---|---|---|
| 001 | rc\437880 | ||
| 005 | 20030616171044.3 | ||
| 035 | _a(NLR Aleph) 005684220 | ||
| 090 |
_a7106908 _c7106908 |
||
| 100 | _a20030616d1987 u |0rusy50 ca | ||
| 101 | 0 | _arus | |
| 102 | _aRU | ||
| 105 | _aa ||||||||| | ||
| 200 | 1 |
_aЛечение маниакальных состояний _eМетод. рекомендации (с правом переизд. мест. органами здравоохранения) _fМ-во здравоохранения РСФСР _g[Сост. С.Н. Мосоловым] |
|
| 210 |
_aМ. _cБ. и. _d1987 |
||
| 215 |
_a18, [1] с., [2] л. ил. _d20 |
||
| 702 | 1 |
_aМосолов _bС. Н. _4220 |
|
| 712 | 0 | 1 |
_aРСФСР _bМ-во здравоохранения |
| 801 | 0 |
_aRU _bNLR _gpsbo |
|
| 801 | 1 |
_aRU _bELAR _2rusmarc |
|
| 852 |
_aNLR _j87-4/2470 |
||
| 942 | _cBOOK | ||
| 980 | _aNB | ||